[Event "FRA-ch U12"]
[Site "Belfort"]
[Date "2017.04.16"]
[Round "2.3"]
[White "Ducos, Antoine"]
[Black "Papadiamandis, Elliot"]
[Result "1/2-1/2"]
[WhiteElo "1615"]
[BlackElo "1944"]
[PlyCount "165"]
[EventDate "2017.04.16"]
[EventType "swiss"]
[EventRounds "9"]
[EventCountry "FRA"]
[SourceTitle "EXT 2019"]
[Source "ChessBase"]
[SourceDate "2018.10.10"]
[SourceVersion "1"]
[SourceVersionDate "2018.10.10"]
[SourceQuality "1"]

1. e4 c5 2. Nf3 d6 3. d4 cxd4 4. Nxd4 Nf6 5. Nc3 a6 6. Be3 e6 7. f3 b5 8. Qd2 Bb7 9. 0-0-0 Nbd7 10. g4 Nb6 11. Nb3 Nfd7 12. Na5 Rb8 13. Nxb7 Rxb7 14. Bf4 Nc5 15. Bxd6 Rd7 16. e5 Nb7 17. Ne4 Nc8 18. Qf4 Ncxd6 19. exd6 Bxd6 20. Nxd6+ Rxd6 21. Rxd6 Qxd6 22. Qxd6 Nxd6 23. Bd3 h6 24. Rd1 Ke7 25. a4 Rc8 26. axb5 axb5 27. Kd2 Ra8 28. Kc3 Ra4 29. Kb3 Rf4 30. Be2 Nc4 31. Kc3 b4+ 32. Kb3 Ne5 33. Rf1 Kf6 34. h4 g6 35. c3 bxc3 36. Kxc3 h5 37. Rg1 Nxf3 38. g5+ Ke5 39. Bxf3 Rxf3+ 40. Kd2 Rh3 41. Rf1 Rxh4 42. Rxf7 Rg4 43. b4 Rxb4 44. Rf6 Rg4 45. Rxg6 Kf5 46. Rf6+ Ke5 47. Rg6 Kf5 48. Rf6+ Kxg5 49. Rxe6 Kf5 50. Rh6 Kg5 51. Rh8 Re4 52. Kd3 Re1 53. Kd2 Re6 54. Rg8+ Kf4 55. Rh8 Kg4 56. Rg8+ Kh3 57. Rg5 h4 58. Rg8 Kh2 59. Rg4 h3 60. Rg8 Kh1 61. Rg3 h2 62. Rg8 Re4 63. Rg3 Re6 64. Rg5 Ra6 65. Ke2 Ra1 66. Kf2 Rg1 67. Rh5 Rg7 68. Rh8 Rf7+ 69. Ke2 Kg2 70. Rg8+ Kh3 71. Rh8+ Kg3 72. Rg8+ Kh3 73. Rh8+ Kg2 74. Rg8+ Kh1 75. Rg6 Ra7 76. Kf2 Ra1 77. Rg5 Rg1 78. Rh5 Rg8 79. Rf5 Rg4 80. Rf3 Rg2+ 81. Kf1 Ra2 82. Rf5 Ra1+ 83. Kf2 1/2-1/2